000 00542nam a22002057a 4500
003 OSt
005 20160420143529.0
008 160420b xxu||||| |||| 00| 0 eng d
020 _a9780415340946
040 _cDDC
082 _a303.41 RAY 2007
100 _aRay, Larry.
_98136
245 _aGlobalization and everyday life
260 _aLondon; Routledge, 2007
300 _axviii,238p; ill:19cm
504 _aNotes, bibliographies, & index included
650 _aGlobalization
_9952
650 _aSociology
_92259
942 _2z
_cO_SHELF
999 _c3657
_d3657